000 01331nam a22002297a 4500
999 _c1475
_d1475
003 AR-BaISA
005 20231027160122.0
007 ta
008 231027s1988 sz ad||| |||| 000 0 spa d
020 _a9243542109
040 _bspa
_cAR-BaISA
082 0 4 _222
_a613 P287
245 1 0 _aPautas para capacitar a los agentes de salud comunitarios en nutrición
250 _a2ª ed.
260 _aGinebra:
_bOrganización Mundial de la Salud (OMS),
_c1988
300 _aVIII, 121 p.:
_bil., gráfs., tablas
505 _tEnseñanza para un mejor aprendizaje --
_tAlgunos datos fundamentales sobre los alimentos --
_tConocimiento de la comunidad y de sus necesidades --
_tMedición y vigilancia del crecimiento y la nutrición del niño --
_tFomento de la lactancia natural --
_tConsejos sobre la alimentación de lactantes y niños de corta edad --
_tAtención nutricional de la madre --
_tIdentificación, tratamiento y prevención de las carencias nutricionales más frecuentes --
_tAtención nutricional durante la diarrea y otras infecciones frecuentes --
_tTransmisión a la comunidad de mensajes sobre nutrición --
_tSolución de los problemas nutricionales de la comunidad
650 1 0 _92196
_aSalud comunitaria
650 1 0 _9676
_aEducación alimentaria y nutricional
650 1 0 _9849
_aEducación en salud
942 _2ddc
_cLI
_e22